[Event "Excelsior Cup"]
[Site "Gothenburg"]
[Date "2000.??.??"]
[Round "8"]
[White "Hillarp Persson, Tiger"]
[Black "Ziegler, Ari"]
[Result "1-0"]
[WhiteElo "2548"]
[BlackElo "2372"]
[Annotator "Huebner,R"]
[PlyCount "81"]
[EventDate "2000.01.07"]
[EventType "tourn"]
[EventRounds "9"]
[EventCountry "SWE"]
[EventCategory "9"]
[SourceTitle "CBM 076"]
[Source "ChessBase"]
[SourceDate "2000.05.31"]
[SourceVersion "1"]
[SourceVersionDate "2000.05.31"]
[SourceQuality "1"]

1. d4 d5 2. c4 c6 3. Nf3 Nf6 4. e3 Bf5 5. Nc3 e6 6. Nh4 Bg4 7. Qb3 Qc7 8. h3
Bh5 9. g4 Bg6 10. Nxg6 hxg6 11. Bg2 Nbd7 12. g5 dxc4 13. Qxc4 Nd5 14. Bd2 Bd6 {
Schwarz sollte den Springer des Gegners nicht nach e4 kommen lassen:} (14...
Nxc3 15. Bxc3 Nb6 16. Qe2 Nd5 17. O-O Bd6 18. f4 O-O-O 19. Bd2 Kb8 20. Qf2 Qb6
21. e4 Nc7 22. Be3 Qa5 23. a3 f6 24. b4 Qa4 25. Qb2 {1/2-1/2 Savchenko,
S-Yagupov,I/Ubeda 1998/CBM 62 ext (25)}) 15. Rc1 (15. Ne4 {ist
aussichtsreicher.}) 15... Qd8 $2 (15... Nxc3) 16. Ne4 Be7 17. h4 Qb6 18. b4 $16
{Weiß verhindert, daß Schwarz lang rochiert.} a6 19. Nc5 Bxc5 $2 {Dies ist
noch ein schwerer positioneller Fehler.} (19... Nxc5 20. bxc5 Qc7 {sieht auch
nicht erfreulich für Schwarz aus, bot aber viel bessere
Verteidigungsaussichten.}) (19... O-O-O {scheint mir am zähesten zu sein.}) 20.
bxc5 $18 Qb5 21. a4 Qxc4 22. Rxc4 O-O-O 23. e4 Nc7 24. Rh3 e5 25. d5 Rde8 26.
Ba5 f6 27. gxf6 gxf6 28. h5 Rxh5 29. Rxh5 gxh5 30. Bh3 Rg8 31. Rb4 Rg4 32. f3
Rg7 33. dxc6 bxc6 34. Rb6 Na8 35. Rxc6+ Kb7 36. Bxd7 Rxd7 37. Rxf6 Rh7 38. c6+
Kb8 39. Rf8+ Ka7 40. Rd8 Nc7 41. Rd7 1-0

[Event "EU-ch 5th"]
[Site "Antalya"]
[Date "2004.05.24"]
[Round "9"]
[White "Izoria, Zviad"]
[Black "Gurevich, Mikhail"]
[Result "0-1"]
[WhiteElo "2573"]
[BlackElo "2672"]
[Annotator "Huebner,R"]
[PlyCount "70"]
[EventDate "2004.05.15"]
[EventType "swiss"]
[EventRounds "13"]
[EventCountry "TUR"]
[SourceTitle "CBM 101"]
[Source "ChessBase"]
[SourceDate "2004.07.27"]
[SourceVersion "1"]
[SourceVersionDate "2004.07.27"]
[SourceQuality "1"]

1. d4 {Gurevich,M. Ftacnik} d5 2. c4 c6 3. Nf3 Nf6 4. e3 Bf5 5. Nc3 e6 6. Nh4
Bg6 7. Nxg6 hxg6 8. g3 Be7 9. Bg2 dxc4 10. Qe2 Nbd7 11. O-O $6 (11. Qxc4 e5 12.
O-O exd4 13. Qxd4 Qb6 14. Qc4 Ne5 15. Qe2 O-O-O 16. e4 Qb4 $11 {1-0
Chiburdanidze,M-Madl,I/Batumi 2000/CBM 76 ext (55). (54)}) 11... Qa5 $6 {
'!' Gurevich,M. Gurevich,M: 'TN[/\12...Qh5<=>>>]'} (11... Nb6 $5 {kommt in
Betracht.} 12. Rd1 {Gurevich,M} O-O 13. e4 Qc8 14. Bf4 Re8 15. Bh3 Bb4 16. Rac1
Qd7 17. a3 Bf8 18. Qf3 Red8 19. Bg5 Be7 20. Bxf6 gxf6 21. d5 $44 {1-0 Kuzubov,
Y-Pavlov,M/Alushta UKR 2004/The Week in Chess 500 (40)}) (11... e5 12. Qxc4
exd4 13. Qxd4 Qb6 {führt zur oben zitierten Partie.}) (11... O-O {Gurevich,M}
12. Rd1 Qc7 13. Qxc4 e5 14. b4 (14. Qe2 exd4 15. Rxd4 Rad8 (15... Nc5 16. b3
Ne6 17. Rd1 Qa5 18. Bd2 Qc7 19. Rac1 a6 20. Nd5 Nxd5 21. Bxd5 $14 {1/2-1/2
Khmelniker,I-Erenburg,S/Beer Sheva ISR 2004/The Week in Chess 494 (43)}) 16. b3
Nb6 17. Rxd8 Rxd8 18. Bb2 Nbd5 19. e4 Nxc3 20. Bxc3 Bc5 21. Rc1 Bd4 22. Bxd4
Rxd4 23. e5 Nd5 24. e6 $14 {1-0 Gagunashvili,M-Goloshchapov,A/Dubai 2003/CBM
93 ext (46)}) 14... Nb6 15. Qb3 exd4 16. exd4 Qd7 17. b5 Nbd5 18. Nxd5 Nxd5 19.
bxc6 bxc6 20. Bd2 Bf6 21. Rac1 Rac8 22. Ba5 Rfe8 23. Qd3 Bd8 24. Bd2 $14 {
1/2-1/2 Kramnik,V-Gelfand,B/Monte Carlo 2003/CBM 93 ext (47)}) 12. Qxc4 Qh5 {
Ftacnik: 'Gurevich comes up with a new plan of attack against the castling
position of white's king. White is enjoying the bishop's pair and a good
control of the center.'} 13. h3 g5 {'!' Gurevich,M.} 14. e4 (14. f3 {Gurevich,M
} Bd6 15. Ne2 e5 $132) 14... e5 ({In Betracht kommt auch} 14... Nb6 15. Qb3 (
15. Qe2 Qxe2 16. Nxe2 g4 $11 {führt zum Ausgleich.}) 15... O-O-O 16. Rd1 g4 17.
h4 Nfd7 {mit scharfem Spiel.}) (14... g4 {Gurevich,M} 15. h4 Nh7 $1 {(/\16...
g5)->}) 15. d5 (15. Be3 {ist ebenfalls spielbar.}) 15... Nb6 16. Qb3 g4 17. h4
Nh7 $2 {Ftacnik: 'This knight retreat is too direct, black will get into
difficulties. The only chance of success for the second player will be tied to
the kingside action. '  Dies ist eine äußerst optimistische Fortsetzung. Der
Springer steht hier ganz außer Spiel und verstopft außerdem die h-Linie.
Offenbar will Schwarz ihn später über g5 wirksam zum Einsatz bringen; aber
dafür dürfte er bei richtiger Reaktion die Zeit nicht bekommen. Nach} (17...
Nfd7 {'!?' Ftacnik.} 18. Rd1 (18. a4 {Ftacnik} g5 19. a5 Nc5 20. Qd1 Nc8 $13)
18... g5 {entbrennt ein scharfer Kampf mit ungefähr gleichen Aussichten.} 19.
Bxg5 {Gurevich,M} Bxg5 20. hxg5 Qxg5 21. dxc6 bxc6 22. Rd6 Rc8 23. Na4 Rh6 $13)
18. Rd1 {'!' Gurevich,M.} ({Auch die Fortsetzung} 18. Be3 Ng5 (18... g5 19.
Bxb6 axb6 20. Qxb6 gxh4 21. Qxb7 Rd8 22. Qxc6+ Kf8 23. Rfd1 {sieht
unzureichend für Schwarz aus.}) 19. Rfd1 {gibt dem Weißen gute Aussichten.}) (
18. Nd1 $5 {Gurevich,M} cxd5 (18... g5 19. Ne3 gxh4 20. Nf5 Bf6 21. dxc6 bxc6
22. gxh4 $16) 19. exd5 Nf6 $13) 18... g5 19. d6 Bd8 $6 (19... Bf6 {bietet
bessere Schwindelchancen:} 20. d7+ Kf8 (20... Nxd7 {ist hoffnungslos:} 21. Rxd7
Kxd7 22. Qxb7+ {usw.}) 21. Be3 (21. a4 {kann jetzt mit} Rd8 {beantwortet
werden.}) 21... gxh4 22. Bxb6 axb6 23. Qxb6 Kg7 {usw.}) 20. d7+ $18 Kf8 (20...
Nxd7 {Gurevich,M} 21. Qxb7 Nb6 22. Qxc6+ Kf8 23. Qd6+ $18) 21. a4 {'+/-!'
Gurevich,M.} gxh4 {'!?' Gurevich,M.} (21... a5 {Gurevich,M} 22. Be3 Ra6 23. Bf1
gxh4 24. Bxa6 hxg3 25. Kf1 $18) 22. a5 Kg7 23. axb6 $2 {Warum Weiß sich mit
dem Schlagen des gefangenen Springers beeilt, ist nicht ersichtlich. Nach} (23.
gxh4 Qxh4 24. Be3 {wird Schwarz bald aufgeben müssen.}) 23... Bxb6 24. Ne2 {
'?!' Gurevich,M. Gurevich,M: '[/\Ne2-g3-f5;'} (24. gxh4 Qxh4 25. Be3 Bxe3 26.
fxe3 Ng5 {gewährt dem Schwarzen ebenfalls einige gegenchancen.}) (24. Na4 $1 {
Gurevich,M} Bd8 (24... Bd4 25. Be3 $18) 25. Qxb7 hxg3 26. fxg3 (26. Qxa8 gxf2+
27. Kf1 Qh2 $132) 26... Bg5 27. Nc5 $18) (24. Qxb6 {Gurevich,M} axb6 25. Rxa8
Rxa8 26. d8=Q Rxd8 27. Rxd8 h3 28. Bf1 Ng5 $36) 24... h3 {'!' Gurevich,M.} 25.
Bf1 $2 (25. Bh1 {'!?' Gurevich,M. ist das richtige Verfahren; Weiß dürfte zum
Sieg ausreichenden Vorteil besitzen. Nach dem Textzug erhält Schwarz wieder
ein vollwertiges Spiel.} Ng5 {Gurevich,M} (25... Nf6 {Gurevich,M} 26. Be3 h2+
27. Kf1 Bxe3 28. Qxe3 Rad8 29. Rxa7 Nxd7 $14) (25... Ng5 26. Kh2 $1 $16) 26.
Kh2 $1 $16) 25... Nf6 {'©' Gurevich,M.} 26. Be3 $2 {Weiß verliert völlig den
Faden. Natürlich muß er den Bauern auf e4 decken:} (26. Nc3 Rad8 (26... h2+ 27.
Kh1 Bxf2 28. Qxb7 {ist ungünstig für Schwarz.}) 27. Qc2 {mit etwa gleichen
Aussichten.}) 26... Nxe4 27. Kh2 {Es ist riskant mit} (27. Bxb6 h2+ {
zuzulassen:} 28. Kh1 axb6 29. Qe3 Rxa1 30. Rxa1 Qf5 31. Nf4 exf4 32. Qd4+ f6
33. d8=Q Rxd8 34. Qxd8 Nxf2+ 35. Kxh2 fxg3+ 36. Kg1 (36. Kxg3 Ne4+ 37. Kh2 g3+
38. Kg2 Qf2+ 39. Kh3 Ng5+ 40. Kg4 Qf3+ 41. Kh4 Qf4+ 42. Kh5 Nf7 {führt zum
Verlust.}) 36... Nh3+ 37. Kh1 Qe4+ 38. Bg2 Nf2+ 39. Kg1 Qe3 40. Qd7+ Kh6 41.
Qf5 Qd4 {Es ist unklar, ob Weiß sich retten kann.}) 27... Qf5 28. Bxb6 (28. f4
gxf3 29. Nc3 Nxg3 30. Bxb6 Qf4 {, und Schwarz gewinnt.}) (28. Qd3 {Gurevich,M}
Bxe3 29. Qxe3 Qxf2+ 30. Qxf2 Nxf2 31. Rd6 Ne4 32. Rdd1 f5 $17) 28... axb6 29.
Qxb6 $2 {'(+)?' Gurevich,M. Danach steht Weiß endgültig auf Verlust. Er mußte
wählen zwischen} (29. f4 gxf3 30. Ng1 Rxa1 31. Rxa1 f2 32. Nf3 Nf6 33. Rd1 {und
}) (29. Qe3 Rxa1 30. Rxa1 Qxf2+ 31. Qxf2 Nxf2 32. Ra7 {, jeweils mit unklarem
Spiel.}) 29... c5 {'-+!' Gurevich,M.} (29... Nxf2 {mit der tödlichen Drohung
Df5-f3 führt ebenfalls zum Sieg.}) 30. Rxa8 (30. f4 exf4 31. Nxf4 Qxf4 {
und Schwarz gewinnt.}) (30. f3 Qxf3 31. Qxb7 Rxa1 32. Rxa1 Qf2+ 33. Kh1 Nd2 {
und Schwarz gewinnt.}) 30... Qxf2+ 31. Kh1 Qf3+ 32. Kh2 Nf2 33. Qh6+ Rxh6 34.
Rg8+ Kxg8 35. d8=Q+ Kh7 0-1

[Event "FIDE-Wch k.o."]
[Site "Moscow"]
[Date "2001.11.27"]
[Round "1.1"]
[White "Volkov, Sergey"]
[Black "Luther, Thomas"]
[Result "1-0"]
[WhiteElo "2578"]
[BlackElo "2604"]
[Annotator "Huebner,R"]
[PlyCount "39"]
[EventDate "2001.11.27"]
[EventType "k.o."]
[EventRounds "7"]
[EventCountry "RUS"]
[SourceTitle "CBM 086"]
[Source "ChessBase"]
[SourceDate "2002.02.05"]
[SourceVersion "1"]
[SourceVersionDate "2002.02.05"]
[SourceQuality "1"]

1. d4 d5 2. c4 c6 3. Nf3 Nf6 4. e3 Bf5 5. Nc3 e6 6. Nh4 Be4 7. f3 Bg6 8. Qb3
Qc7 9. Bd2 Nbd7 10. Rc1 Rc8 11. g3 Qb8 $2 {Dies ist zu langsam; jetzt kann
Weiß die Stellung mit Kraft öffnen. Nötig ist} (11... Be7 {, und falls} 12.
cxd5 exd5 13. e4 dxe4 14. Nxg6 hxg6 15. fxe4 {, so} Qb6 {mit unklaren Folgen;
nach Damentausch verliert das Zentrum des Weißen viel von seiner Drohkraft.})
12. cxd5 (12. Kf2 $6 Be7 13. cxd5 exd5 14. Bh3 Rd8 15. Ne2 O-O 16. Nxg6 hxg6
17. Qc2 Rfe8 $11 {1/2-1/2 Smyslov,V-Chernin,A/Montpellier 1985/Candidates (33).
(32)}) 12... cxd5 ({Kein Vertrauen in die Aussichten des Schwarzen erweckt
auch die Stellung, die nach} 12... exd5 13. e4 dxe4 14. Nxg6 hxg6 15. Bc4 exf3
16. Bxf7+ Kd8 17. O-O {entsteht.}) 13. e4 $16 dxe4 14. Nxg6 hxg6 15. fxe4 Nh5
$2 (15... Be7 16. e5 (16. Bf4 Qa8 17. Bg2 Nh5 {ist nicht unmittelbar
verlustträchtig für Schwarz.}) 16... Ng4 17. h3 Nh6 {mußte versucht werden.})
16. Bg2 e5 ({Nach} 16... Be7 17. e5 g5 18. Ne4 ({Die Fortsetzung} 18. O-O Nxe5
19. dxe5 Bc5+ {wirft dem Schwarzen noch eine Chance zu.}) 18... Rxc1+ 19. Bxc1
{liegt die Stellung des Schwarzen im Argen.}) 17. Bh3 Rd8 $6 ({Dies führt
sofort zum Verlust, aber auch nach} 17... Nhf6 18. Bxd7+ Nxd7 19. O-O Nf6 20.
Qa4+ Nd7 21. Nd5 {wird Schwarz nicht mehr lange leben.}) 18. Nb5 Be7 19. Bb4
O-O 20. Bxe7 1-0

[Event "FRA-ch"]
[Site "Narbonne"]
[Date "1997.08.22"]
[Round "7"]
[White "Anic, Darko"]
[Black "Degraeve, Jean Marc"]
[Result "1-0"]
[WhiteElo "2445"]
[BlackElo "2540"]
[Annotator "Huebner,R"]
[PlyCount "75"]
[EventDate "1997.08.15"]
[EventType "tourn"]
[EventRounds "15"]
[EventCountry "FRA"]
[EventCategory "9"]
[SourceTitle "CBM 061"]
[Source "ChessBase"]
[SourceDate "1997.11.23"]
[SourceVersion "1"]
[SourceVersionDate "1997.11.23"]
[SourceQuality "1"]

1. Nf3 d5 2. d4 c6 3. e3 Bf5 4. c4 e6 5. Nc3 Nf6 6. Bd3 Bxd3 7. Qxd3 Nbd7 8.
O-O Be7 9. e4 dxe4 10. Nxe4 Nxe4 11. Qxe4 O-O 12. Bd2 Qb6 (12... Re8 13. Bc3
Qc7 14. Qe2 Bf6 {1/2-1/2 Kharitonov,A-Kalinitschew,S/Berliner Sommer 1995/EXP
47}) 13. b4 (13. Bc3 Bb4 14. Qc2 Bxc3 15. Qxc3 a5 16. Rfd1 Nf6 17. Rd3 c5 18.
Rad1 Rad8 19. dxc5 Rxd3 20. Rxd3 Qxc5 21. Qd4 Qxd4 22. Rxd4 Rc8 23. Ne5 Kf8 24.
Rd6 Ne4 25. Rb6 f6 26. Nd7+ Ke8 27. Rxe6+ Kxd7 28. Rxe4 b5 29. b3 bxc4 30. Rd4+
{1/2-1/2 Serper,G-Shirov,A/WchT Luzern 1993/CBM 39/[Serper]}) 13... Qa6 14. Qc2
b5 15. a4 bxc4 16. Rfc1 Rac8 17. a5 Bd6 18. Qxc4 Qb7 19. Rab1 a6 20. Qd3 Qb5
21. Rc4 Qd5 22. Qc2 Rc7 23. Rc1 Rfc8 24. Qd1 h6 25. Qe2 Rb7 26. Qd1 g5 {
Schwarz beginnt mit den Vorbereitungen zu einem Selbstmord.} 27. h3 f5 28. Qe2
Nf8 29. Ne5 Bxe5 30. dxe5 Nd7 31. Bc3 c5 32. Rd1 Qc6 33. Rd6 Qb5 34. Rxe6 Nf8
35. Rxh6 cxb4 36. Qh5 Qxc4 37. Rh8+ Kg7 38. e6+ (38. e6+ Qxc3 39. Qh6#) 1-0

[Event "RUS-chT 07th"]
[Site "Smolensk"]
[Date "2000.04.22"]
[Round "8"]
[White "Fominyh, Alexander"]
[Black "Iskusnyh, Sergei"]
[Result "1-0"]
[WhiteElo "2551"]
[BlackElo "2495"]
[Annotator "Huebner,R"]
[PlyCount "99"]
[EventDate "2000.04.15"]
[EventType "team-tourn"]
[EventRounds "11"]
[EventCountry "RUS"]
[SourceTitle "CBM 077"]
[Source "ChessBase"]
[SourceDate "2000.07.27"]
[SourceVersion "1"]
[SourceVersionDate "2000.07.27"]
[SourceQuality "1"]
[WhiteTeam "Novosibirsk Transsib"]
[BlackTeam "Novokuznetsk"]
[WhiteTeamCountry "RUS"]
[BlackTeamCountry "RUS"]

1. d4 d5 2. c4 c6 3. Nf3 Nf6 4. e3 Bf5 5. Nc3 e6 6. Nh4 Be4 7. f3 Bg6 8. Qb3
Qb6 9. Nxg6 hxg6 10. Bd2 Nbd7 11. O-O-O Qxb3 12. axb3 Bd6 13. h3 Nh5 {Dies ist
ein neuer Versuch. Gespielt wurde früher} (13... a6 14. Bd3 Rc8 15. c5 $6 (15.
Kb1 {>=} c5 16. cxd5 (16. g4 Nb6) 16... exd5 17. dxc5 Bxc5 (17... Nxc5 18. Bc2
Ke7 19. Bc1 $14 {><d5}) 18. e4 $1 (18. Na4 Ba7 19. Rc1 O-O $10) 18... Ne5 (
18... dxe4 19. Nxe4 $14) 19. Bc2 d4 20. Bf4 Nxf3 21. gxf3 dxc3 22. bxc3 $14)
15... Bc7 $10 16. b4 (16. f4 Ba5 17. Kb1 Bxc3 18. bxc3 Ne4 $10) 16... e5 17. g4
Kf8 18. Rdf1 Re8 (18... g5 19. Kc2 Re8 20. Be1 g6 21. h4 $10) 19. h4 Re7 20.
Kc2 Kg8 {1/2-1/2 Chuchelov,V-Dautov,R/BL2-W9596 1996/CBM 52/[Dautov] (20)}) 14.
Bd3 Ng3 15. Rhg1 a6 16. Kc2 Rc8 17. Ra1 O-O 18. Be1 c5 19. dxc5 Nxc5 $6 (19...
dxc4 20. cxd6 (20. bxc4 Nxc5) 20... cxd3+ 21. Kxd3 Nf5 {führte zu bequemem
Ausgleich.}) 20. cxd5 exd5 21. b4 Ne6 $6 ({Nach} 21... Nxd3 22. Kxd3 Rfd8 23.
b5 axb5 24. Nxb5 Bb8 {steht Weiß etwas besser; nach dem Textzug büßt Schwarz
einen Bauern ein.}) 22. Bf2 Nf5 23. Bxf5 gxf5 24. Kb3 Rc4 25. Nxd5 Rfc8 26. Be1
R8c6 27. Bc3 b5 {Dies gefällt mir nicht; der Bauer auf a6 wird schwach. Nach} (
27... f6 {bleibt der Vorteil des Weißen begrenzt.}) 28. Rgd1 f6 29. Rd3 Kf7 30.
Rdd1 Be5 $6 {Meines Erachtens sollte Schwarz Läufertausch vermeiden.} (30...
Rh4 {kommt in Betracht.}) 31. f4 ({Gewinnaussichten bot auch die Folge} 31.
Bxe5 fxe5 32. Nc3 f4 33. Rd7+ Kf8 34. exf4 exf4 ({Nach} 34... Nd4+ 35. Ka2 exf4
36. Rd1 Nc2 37. Rd8+ {erhält Weiß eine starke Initiative.}) 35. Rad1 a5 36.
R1d5 Rxb4+ 37. Ka2) 31... Bxc3 $2 {Dies kommt dem Weißen entgegen.} (31... Bd6
{bot noch stets Rettungsaussichten.}) 32. Nxc3 Nf8 {Schwarz muß sich nun
passiv aufstellen:} (32... Ke7 33. Rd2 {nebst Ta1-d1 ist nicht günstiger für
ihn.}) 33. Rd3 Re6 34. Rg1 Rc8 35. g4 fxg4 36. hxg4 Rce8 37. e4 Rc6 38. g5 Rc4
39. gxf6 gxf6 40. f5 Rc6 41. Rdg3 Re7 42. Rg7+ Ke8 43. Rxe7+ Kxe7 44. Rg7+ Kd8
45. Nd5 Ke8 46. Re7+ Kd8 47. Ra7 Ke8 48. Nc7+ Kd8 49. Nxa6 Nd7 50. Rxd7+ 1-0

[Event "NED-chT 0102 playoff"]
[Site "Enschede"]
[Date "2002.05.10"]
[Round "2.4"]
[White "Gurevich, Mikhail"]
[Black "Van der Sterren, Paul"]
[Result "1-0"]
[WhiteElo "2641"]
[BlackElo "2551"]
[Annotator "Huebner,R"]
[PlyCount "79"]
[EventDate "2002.05.09"]
[EventType "team-k.o."]
[EventRounds "2"]
[EventCountry "NED"]
[SourceTitle "CBM 089"]
[Source "ChessBase"]
[SourceDate "2002.08.12"]
[SourceVersion "1"]
[SourceVersionDate "2002.08.12"]
[SourceQuality "1"]
[WhiteTeam "Ordina Breda"]
[BlackTeam "Hilversum HSG"]
[WhiteTeamCountry "NED"]
[BlackTeamCountry "NED"]

1. d4 d5 2. c4 c6 3. Nf3 Nf6 4. e3 Bf5 5. Nc3 e6 6. Nh4 Be4 7. f3 Bg6 8. Qb3
Qb6 9. g3 $6 ({Besser ist} 9. Nxg6 hxg6 10. Bd2 Nbd7 11. O-O-O $14 {Gurevich,
Michail-Khenkin, Igor, FRA-chT 9900 (5.1)}) 9... Qxb3 10. axb3 Bc2 11. c5 Bxb3
12. Ra3 Bc4 ({Auf} 12... Bc2 {folgt} 13. Kd2 Bg6 14. Rb3 b5 15. cxb6 axb6 16.
Rxb6 {mit gleichem Spiel.}) 13. Bxc4 dxc4 14. Bd2 {Weiß kann den Bauern nicht
zurückgewinnen. Auf} (14. Ra4 $6 {folgt} Nbd7 15. Rxc4 $6 b5 16. cxb6 Nxb6 17.
Rxc6 Kd7 {, und Schwarz gewinnt.}) 14... Nbd7 15. Ke2 b5 ({Zu einer unklaren
Stellung führt die Fortsetzung} 15... b6 16. Rha1 a5 17. e4 e5 (17... Rb8 {
ist solider, doch hat Schwarz nach} 18. Bf4 Rb7 19. Nd1 bxc5 20. dxc5 Bxc5 21.
Rxa5 Ke7 (21... O-O 22. R5a4 {ist nicht wirksamer.}) 22. R5a4 {keinen
wesentlichen Vorteil.}) 18. dxe5 Nxe5 19. cxb6 Bxa3 20. bxa3 O-O 21. Rb1) (
15... Be7 16. Rha1 a6 17. Ng2 {ergibt ebenfalls etwa gleiches Spiel.}) 16. Na2
{Weiß hat ausreichende Kompensation für den geopferten/eingestellten Bauern.}
Kd8 17. Nb4 Kc7 18. Rha1 Kb7 19. e4 e5 $6 (19... Be7 {sieht solider aus.}) 20.
d5 Nxc5 21. Nxc6 a6 22. Nxe5 Ncd7 $2 {Besser gefällt mir} (22... Ncxe4 23. fxe4
Bxa3 24. Rxa3 Nxe4 25. Nxf7 Rhf8 (25... Rhe8 {wird mit} 26. Re3 {beantwortet.})
26. Rf3 a5 {mit vermutlich etwa ausgeglichener Stellung.}) 23. Nxf7 Bxa3 24.
Rxa3 Rhf8 25. Nf5 {Jetzt hat Weiß Vorteil, denn sein Bauernzentrum entfaltet
beachtliche Kraft, seine Springer sind agil und die schwarzen Felder in der
Stellung des Nachziehenden sind löcherig.} Ne8 26. Ng5 $6 {Hiernach kann sich
Schwarz erholen. Interessanter war} (26. N7d6+ Nxd6 27. Nxd6+ Kc7 (27... Kb6 {
ist verfehlt:} 28. Ba5+ Ka7 (28... Kc5 29. Nb7+ Kd4 30. Bc3# {ergibt ein
hübsches Matt.}) 29. Bc3 {, und Weiß gewinnt.}) 28. Bb4 Ne5 (28... Rg8 29. Nf7
{mit erklecklichem Vorteil für Weiß.}) 29. f4 Nd3 30. Rxd3 cxd3+ 31. Kxd3 {
, und es ist nicht ersichtlich, wie Schwarz die Bauernwalze des Weißen im
Zentrum aufhalten kann.}) 26... Rxf5 $1 27. exf5 Ndf6 28. Re3 Nxd5 29. Re5 Nec7
30. Ne6 Re8 31. f4 Nxe6 32. fxe6 Kc6 33. f5 Kd6 ({In Betracht kommt auch} 33...
b4 34. g4 a5 {mit schwer zu überblickenden Folgen.}) 34. Re4 g6 ({Nach} 34...
Kc5 35. Be3+ Nxe3 36. Kxe3 {gerät Schwarz in Schwierigkeiten.}) 35. g4 gxf5 $2
(35... Nf6 36. Bf4+ (36. Rd4+ Ke5 {bringt dem Weißen nichts ein:} 37. Bc3 {
scheitert an} b4) (36. Rf4 h5 37. h3 hxg4 38. hxg4 Nxg4 39. Rxg4 gxf5 {führt
zum Remis.}) 36... Kc6 37. Rd4 Nxg4 38. Rd6+ Kc5 39. fxg6 (39. h3 Nf6) 39...
hxg6 40. Kf3 Nh6 (40... Nf6 41. Rxa6 b4 {sollte auch zum Remis genügen.}) 41.
Rxa6 Nf5 {, und Schwarz dürfte sich halten können.}) 36. gxf5 Rf8 {Jetzt hat
Schwarz keine ausreichende Verteidigung mehr, zum Beispiel} (36... Nf6 37. Bf4+
Kc6 ({oder} 37... Ke7 38. Rd4 Rg8 39. Bc7 {, und Schwarz ist hilflos.}) 38. Rd4
Nd5 39. Be5 a5 40. Kf3 {, und die Drohung Kf3-e4 hat entscheidende Kraft:} Rg8
41. f6 {usw.}) 37. e7 Re8 38. Bb4+ Kd7 (38... Kc7 {ist zäher, genügt aber
nicht zur Rettung der Partie, zum Beispiel} 39. Kf3 a5 (39... h5 40. Re6 {usw.}
) 40. Bxa5+ Kd7 41. Bb4 Nxe7 42. f6 Ng6 43. f7 {usw.}) 39. Rd4 Kc6 40. f6 1-0

[Event "Sigeman & Co 03rd"]
[Site "Malmo"]
[Date "1995.??.??"]
[Round "8"]
[White "Krasenkow, Michal"]
[Black "Sokolov, Ivan"]
[Result "0-1"]
[WhiteElo "2575"]
[BlackElo "2645"]
[Annotator "Huebner,R"]
[PlyCount "90"]
[EventDate "1995.05.??"]
[EventType "tourn"]
[EventRounds "9"]
[EventCountry "SWE"]
[EventCategory "12"]
[SourceTitle "CBM 048"]
[Source "ChessBase"]
[SourceDate "1995.10.01"]
[SourceVersion "1"]
[SourceVersionDate "1995.10.01"]
[SourceQuality "1"]

1. d4 {Fritz3} d5 2. c4 c6 3. e3 Bf5 4. Qb3 Qc7 5. cxd5 cxd5 6. Nc3 e6 7. Bd2
Nc6 8. Nf3 Nf6 9. Be2 a6 10. O-O Bd6 11. Rfc1 O-O 12. a3 Qe7 13. Be1 h6 14. Na2
Rac8 15. Nb4 Na5 16. Qa2 Bc7 17. Ne5 Ne4 18. Nbd3 f6 19. Bb4 Nd6 20. Nf4 Rfd8
21. g4 Be4 22. Rxc7 $4 (22. f3 $142 {Ist einfacher} Bh7 (22... fxe5 23. dxe5 {
kostet den Schwarzen ebenfalls Material.}) 23. Rxc7 Rxc7 (23... Qxc7 24. Nxe6
Qe7 25. Nxd8 {und Weiß gewinnt, weil der Bauer auf d5 nicht wie in der Partie
vom Läufer auf e4 gedeckt ist.}) 24. Bxa5 fxe5 25. Bxc7 $18) 22... Qxc7 23.
Nxe6 Qe7 24. Nxd8 fxe5 25. Bd3 (25. Bxa5 {Fritz3 So hätte Weiß spielen müssen.}
Rc2 {überläßt dem Schwarzen starken Angriff:} 26. Re1 (26. f3 Rxe2 27. fxe4 Qh4
) (26. Bd1 $142 {Fritz3 Die beste Verteidigung, die zu schwer überschaubaren
Verwicklungen führt, man sehe:} Rxf2 $1 (26... Qh4 27. Bxc2 Qxg4+ 28. Kf1 $16)
27. Kxf2 Qh4+ 28. Kg1 Nc4 29. Bb4 (29. Bc7 Qe1#) 29... Nd2 $1 30. Bxd2 Qh3 {
Nach} 31. Kf2 Qxh2+ 32. Ke1 Qg1+ {hat Schwarz remis.}) 26... Qh4 27. f3 Bxf3)
25... Qxd8 26. dxe5 (26. Bxd6 $142 {Fritz3} Bxd3 27. Qxd5+ Kh8 28. dxe5 $15)
26... Ndc4 27. Bxe4 dxe4 28. Rc1 Kh8 29. Qb1 Nxe5 30. Rxc8 Qxc8 31. Qxe4 Nac6
32. h3 Nxb4 33. axb4 Nc6 34. h4 Qd8 35. h5 Qe7 36. Qf5 Qxb4 37. Qc8+ Kh7 38. g5
hxg5 39. Qf5+ Kg8 40. Qe6+ Kf8 41. Qf5+ Ke8 42. Qg6+ Kd8 43. Qxg7 Qg4+ 44. Kf1
Qxh5 45. Qxb7 Qh1+ 0-1